00504 2200205 4500001002100000005001500021035002000036007000300056008004100059020002200100082001000122084001600132100001000148245002400158250001100182260004900193300002300242650002500265700000800290INLIS00000000000202920260219100323 a0010-0226000039ta260219 g 0 ind  a978-602-5406-58-4 a927.8 a927.8 DAN k0 aDanas1 aK-POP IDOL /cDanas aCet. 1 aJakarta :bPT Cahaya Duabelas Semesta,c2018 a120 hlm ;c15 x 23 aBiografi Artis Korea0 aPey